| 000 | 01142nam a22003137a 4500 | ||
|---|---|---|---|
| 003 | CHAP | ||
| 005 | 20220329143816.0 | ||
| 008 | 110920s1975 us a r 00010 spa d | ||
| 010 | _a102150 | ||
| 011 | _a103122 | ||
| 035 | _a113811 | ||
| 040 | _cCHAP | ||
| 082 | 0 | 4 |
_a634.5 _bM31 |
| 245 | 0 | 0 |
_aManual de manejo de huertos de nogal en Texas _c/editado por George Ray Mc Eachern |
| 260 |
_aTexas : _bUniversidad Agrícola y Mecánica de Texas, _c1975 |
||
| 300 |
_a162 p. : _btablas |
||
| 500 | _aRecopilado en las actas del curso corto de manejo de huertos de nogal en Texas en 1975. | ||
| 534 |
_pTít. original : _tTexas pecan orchard management handbook. |
||
| 590 |
_aBATCH-UPD _b10 _c20130110 _lUCH01 _h1058 |
||
| 590 |
_aBATCH-UPD _b10 _c20130410 _lUCH01 _h0652 |
||
| 590 |
_aBATCH-UPD _b10 _c20130914 _lUCH01 _h1805 |
||
| 590 |
_aCONVERSION _b10 _c20130109 _lUCH01 _h1356 |
||
| 650 | 1 | 4 |
_aNogal. _981544 |
| 650 | 1 | 4 |
_aPlantación de árboles frutales. _988783 |
| 700 | 1 |
_aMc Eachern, George Ray _e, ed. _973335 |
|
| 901 | _aBK | ||
| 942 | _cLIBRO | ||
| 949 |
_a634.5 M31 _bBC _cLIBRO _d33724002305439 _eLIBRO _gDonaciØn _h115851 _i113811 _sb |
||
| 999 |
_c102150 _d102150 |
||